000 00395nam a2200145Ia 4500
008 150201s2006 xx 000 0 und d
082 _a617.6
_bR2006J
100 _aJOHN M.WHITWORTH
245 _aRATIONAL ROOT CANAL TREATMENT IN P.
250 _a1ST
260 _bQUINTESSENCE PUBLICATION
_aLONDON
_c2006
300 _a1-134
650 _aCONSERVATIVE DENTISTRY & ENDODONTICS
942 _2ddc
_cBK
999 _c3505
_d3505